| 000 | 00667nam a22001457a 4500 | ||
|---|---|---|---|
| 003 | OSt | ||
| 005 | 20151112110507.0 | ||
| 008 | 151112b xxu||||| |||| 00| 0 eng d | ||
| 040 | _cRUA | ||
| 082 | _aFOR KEO 2004 B130 Or.1 | ||
| 100 |
_93596 _aKEO, SOPHAL. |
||
| 245 | _aeffectiveness of conservation on important waterbirds at bralay commune, stung district in kampong thom province (ប្រសិទ្ធភាពនៃការអភិរក្សសត្វស្លាបទឹកសំខាន់ៗនៅឃុំប្រឡាយ ស្រុកស្ទោង ខេត្តកំពង់ធំ) | ||
| 260 |
_aPhnom Penh _bRUA _c2004 |
||
| 942 |
_2ddc _cFOR |
||
| 999 |
_c3346 _d3346 |
||